MARC

LEADER 00000nam0a2200000 4500
001 72440
005 20231031083425.0
035 |a (RuTPU)RU\TPU\book\77247 
090 |a 72440 
100 |a 20050124d1980 k y0rusy50 ca 
101 0 |a rus 
102 |a UA 
105 |a a z 001zy 
200 1 |a Точечные дефекты и качество полупроводниковых соединений  |f Н. В. Сунцов, А. Г. Милославский 
210 |a Киев  |c Вища школа  |d 1980  |a Донецк 
215 |a 119 с.  |c ил. 
320 |a Библиогр.: с. 115-119. 
610 1 |a полупроводниковые соединения 
610 1 |a точечные дефекты 
610 1 |a окись цинка 
610 1 |a двуокись церия 
610 1 |a двуокись титана 
610 1 |a окислы металлов 
610 1 |a легирование кристаллов 
610 1 |a химическое равновесие 
610 1 |a газовые смеси 
675 |a 621.315.59  |v 3 
700 1 |a Сунцов  |b Н. В.  |g Николай Владимирович 
701 1 |a Милославский  |b А. Г.  |g Александр Григорьевич 
801 1 |a RU  |b 63413507  |c 20050124  |g PSBO 
801 2 |a RU  |b 63413507  |c 20160511  |g PSBO 
942 |c BK